तुम कहाँ हो जॉनी वाकर / (Record no. 64944)

MARC details
000 -LEADER
fixed length control field 01138nam a22002897a 4500
005 - DATE AND TIME OF LATEST TRANSACTION
control field 2010101908158.0
008 - FIXED-LENGTH DATA ELEMENTS--GENERAL INFORMATION
fixed length control field 101019t xxu||||| |||| 00| 0 hin
010 ## - LCCN (DPL NO)
LC control number HIN-95823
020 ## - INTERNATIONAL STANDARD BOOK NUMBER
Terms of availability 395.00
International Standard Book Number 9789381130735
035 ## - SYSTEM CONTROL NUMBER
System control number HN-68169
037 ## - SOURCE OF ACQUISITION
Source of stock number/acquisition DBAD / PUB
040 ## - CATALOGING SOURCE
Original cataloging agency DPL
Language of cataloging HN
082 ## - DEWEY DECIMAL CLASSIFICATION NUMBER
Classification number 808.883
100 ## - MAIN ENTRY--PERSONAL NAME
9 (RLIN) 23632
Personal name सुरजन,ललित
245 ## - TITLE STATEMENT
Title तुम कहाँ हो जॉनी वाकर /
Remainder of title ललित सुरजन
260 ## - PUBLICATION, DISTRIBUTION, ETC. (IMPRINT)
Place of publication, distribution, etc दिल्ली
Name of publisher, distributor, etc यश पब्लिकेशन्स
Date of publication, distribution, etc 2011
270 ## - ADDRESS
City दिल्ली
Address 1/10753 गली न.3 सुभाष पार्क नवीन शहादरा,
Postal code 110032
Electronic mail address wwwyashpublication.com
Telephone number 09899938522
300 1# - PHYSICAL DESCRIPTION
Extent 195पृ.
Dimensions 22सेमी (सजिल्द)
650 ## - SUBJECT ADDED ENTRY--TOPICAL TERM
9 (RLIN) 657
650 ## - SUBJECT ADDED ENTRY--TOPICAL TERM
9 (RLIN) 34273
700 ## - ADDED ENTRY--PERSONAL NAME
9 (RLIN) 39143
710 ## - ADDED ENTRY--CORPORATE NAME
9 (RLIN) 34811
710 ## - ADDED ENTRY--CORPORATE NAME
9 (RLIN) 35049
711 ## - ADDED ENTRY--MEETING NAME
9 (RLIN) 44931
942 ## - ADDED ENTRY ELEMENTS (KOHA)
Source of classification or shelving scheme Dewey Decimal Classification
Item type Hindi Books
Call number suffix सुरज
Classification part 808.883
Holdings
Withdrawn status Lost status Source of classification or shelving scheme Damaged status Not for loan Collection code Home library Current library Date acquired Source of acquisition Cost, normal purchase price Total Checkouts Full call number Barcode Date last seen Copy number Cost, replacement price Koha item type
    Dewey Decimal Classification   Not For Loan Non-fiction D.B.Act.Division D.B.Act.Division 13/04/2012 DBAD/PUB 395.00   808.883 सुरज HN-68169 13/04/2012 1 395.00 Hindi Books

© Delhi Public Library
Hit Counter
free hit counter